00643nam a2200157 a 450000100100000000500170001000800410002704000250006811000730009324500840016626000670025030000200031750000260033795201050036399900170046800002674720200930030405.0110325s1983 dr 000 0 spa d aDO-SdBNPbspacBNPHU2 aRepública DominicanabSecretaría de Estado de Agricultura91776910aEstudio detallado de suelos del asentamiento campesino Jobo Dulce (Higüey) /. aSanto Domingo :bSecretaría de Estado de Agricultura,c1983. a80 P. ;c28 cm. aIncluye un mapa anexo 0010718PDaPDbPDcCTd2011-03-25iLF1l0o p26747-10r2020-06-25w2020-06-25yLFPDZNo se presta c26239d26239